Nursing theories : (Record no. 80830)

MARC details
000 -LEADER
fixed length control field 01861nam a22002537a 4500
003 - CONTROL NUMBER IDENTIFIER
control field URS
005 - DATE AND TIME OF LATEST TRANSACTION
control field 20241029221017.0
008 - FIXED-LENGTH DATA ELEMENTS--GENERAL INFORMATION
fixed length control field 241029b |||||||| |||| 00| 0 eng d
020 ## - INTERNATIONAL STANDARD BOOK NUMBER
International Standard Book Number 978-981-0698-78-2
040 ## - CATALOGING SOURCE
Description conventions rda
Transcribing agency URS
Language of cataloging English
050 ## - LIBRARY OF CONGRESS CALL NUMBER
Classification number RT84.5
Item number .N938g 2002
245 ## - TITLE STATEMENT
Title Nursing theories :
Remainder of title the base for professional nursing practice /
Statement of responsibility, etc [edited by] Julia B. George.
250 ## - EDITION STATEMENT
Edition statement Fifth edition.
264 #1 - PUBLICATION, DISTRIBUTION, ETC. (IMPRINT)
Place of publication, distribution, etc Upper Saddle River, New Jersey :
Name of publisher, distributor, etc Prentice Hall,
Date of publication, distribution, etc ©2002.
300 ## - PHYSICAL DESCRIPTION
Extent xi, 611 pages :
Other physical details illustrations ;
Dimensions 23 cm.
336 ## - CONTENT TYPE
Content type term text
Content type code txt
Source rdacontent
337 ## - MEDIA TYPE
Media type term unmediated
Media type code n
Source rdamedia
338 ## - CARRIER TYPE
Carrier type term volume
Carrier type code nc
Source rdacarrier
504 ## - BIBLIOGRAPHY, ETC. NOTE
Bibliography, etc Includes bibliographical references and indexes.
505 ## - FORMATTED CONTENTS NOTE
Formatted contents note Philosophy, science, and nursing -- Overview of theory in nursing -- Concept development : clarifying meaning of terms -- Theory development : structuring conceptual relationships in nursing -- Theory analysis and evaluation -- Overview of grand nursing theories -- Grand nursing theories based on human needs -- Grand nursing theories based on interactive process -- Grand nursing theories based on unitary process -- Introduction to middle range nursing theories -- Overview of selected middle range nursing theories -- Evidence-based practice and nursing theory -- Theories from the sociologic sciences -- Theories from the behavioral sciences -- Theories from the biomedical sciences -- Theories, models, and frameworks from leadership and management -- Learning theories -- Application of theory in nursing practice -- Application of theory in nursing research -- Application of theory in nursing administration and management -- Application of theory in nursing education -- Future issues in nursing theory.
650 #0 - SUBJECT ADDED ENTRY--TOPICAL TERM
Topical term or geographic name as entry element Nursing
General subdivision Philosophy.
9 (RLIN) 5728
700 ## - ADDED ENTRY--PERSONAL NAME
Personal name George, Julia B.,
Relator term author.
9 (RLIN) 6060
942 ## - ADDED ENTRY ELEMENTS (KOHA)
Source of classification or shelving scheme Library of Congress Classification
Koha item type Foreign Books
Holdings
Withdrawn status Lost status Source of classification or shelving scheme Damaged status Not for loan Collection code Home library Current library Shelving location Date acquired Source of acquisition Total Checkouts Full call number Barcode Date last seen Date checked out Copy number Koha item type
    Library of Congress Classification     Non-fiction Taytay College Library Taytay College Library Nursing Collection 10/28/2005 Donation 1 RT84.5 .N938g 2002 URSTAY-1421 09/03/2025 09/03/2025 1 Foreign Books

University of Rizal System
Email us at univlibservices@urs.edu.ph

Visit our Website www.urs.edu.ph/library